Mládež zranená nepriaznivými zážitkami z detstva: prevencia a sebaregulácia
Príspevok sa venuje téme nepriaznivých zážitkov z detstva a ich spracovaniu. Keď sa naše telo zraní, potrebuje sa zahojiť. Keď dieťa zažije traumatickú ranu, ktorá môže byť psychiského charakteru a nie je pri ňom nikto, kto by mu pomohol vyliečiť sa, prípadne mu neukázal spôsoby, ako ju ošetriť, ran...
Gespeichert in:
| 1. Verfasser: | |
|---|---|
| Format: | Buchkapitel |
| Sprache: | Slowakisch |
| Schlagworte: | |
| Tags: |
Keine Tags, Fügen Sie das erste Tag hinzu!
|
MARC
| LEADER | 00000naa a2200000 4500 | ||
|---|---|---|---|
| 001 | 0300383 | ||
| 005 | 20240517150117.1 | ||
| 041 | 0 | |a slo | |
| 044 | |a SK | ||
| 245 | 1 | 0 | |a Mládež zranená nepriaznivými zážitkami z detstva: prevencia a sebaregulácia |c Lenka Selecká |
| 520 | |a Príspevok sa venuje téme nepriaznivých zážitkov z detstva a ich spracovaniu. Keď sa naše telo zraní, potrebuje sa zahojiť. Keď dieťa zažije traumatickú ranu, ktorá môže byť psychiského charakteru a nie je pri ňom nikto, kto by mu pomohol vyliečiť sa, prípadne mu neukázal spôsoby, ako ju ošetriť, rana sa nemusí hojiť a môže sa zhoršovať. Alebo sa zahojí spôsobmi, ktoré sú blolestivé a môžu sa stále otvárať. | ||
| 610 | 2 | 0 | |a psychológia |
| 610 | 2 | 0 | |a deti |
| 610 | 2 | 0 | |a mládež |
| 610 | 2 | 0 | |a zdravie duševné |
| 610 | 2 | 0 | |a prevencia |
| 610 | 2 | 0 | |a výskum |
| 100 | 1 | |a Selecká, Lenka | |